Pacific economic outlook 1999-2000
Salvato in:
| Ente Autore: | |
|---|---|
| Natura: | Libro |
| Lingua: | inglese |
| Pubblicazione: |
San Francisco
The Asia Foundation
1999
|
| Soggetti: | |
| Tags: |
Aggiungi Tag
Nessun Tag, puoi essere il primo ad aggiungerne!!
|
MARC
| LEADER | 00000nam a2200000 a 4500 | ||
|---|---|---|---|
| 001 | UCP6328 | ||
| 003 | CL-VaPUC | ||
| 008 | 991021e19990000us |||||||||||||||||eng|d | ||
| 082 | 0 | 4 | |a 330.95 |b USN |2 21 |
| 110 | 2 | |a U.S. National Committee for Pacific Economic Cooperation |e author |9 435381 | |
| 245 | 1 | 0 | |a Pacific economic outlook 1999-2000 |
| 300 | |a 80 p | ||
| 942 | |c BK | ||
| 945 | |d 19991021 00:00:00 |a rbrito | ||
| 260 | |a San Francisco |b The Asia Foundation |c 1999 | ||
| 650 | 7 | |a ECONOMIA MUNDIAL |2 CL-VaPUC |9 435382 | |
| 650 | 0 | |a Economía regional |9 320847 | |
| 650 | 7 | |a ECONOMIA DEL PACIFICO |2 CL-VaPUC |9 435383 | |
| 651 | 0 | |a Australia |9 262077 | |
| 651 | 7 | |a CANADA |2 CL-VaPUC |9 435384 | |
| 651 | 7 | |a CHILE |2 CL-VaPUC |9 435385 | |
| 651 | 0 | |a China |9 257545 | |
| 651 | 0 | |a Colombia |9 256424 | |
| 651 | 0 | |a Japón |9 260391 | |
| 651 | 0 | |a Filipinas |9 258491 | |
| 651 | 0 | |a Estados Unidos |9 255178 | |
| 583 | |a last modification |c 20171214 01:50:47 |k Rodrigo Vera | ||
| 999 | |c 283918 |d 283916 | ||
| 952 | |0 0 |1 0 |4 0 |6 330_950000000000000_USN_1999 |7 0 |8 P |9 327455 |a BIBGIM |b BIBGIM |d 2019-11-20 |i 3542211 |o 330.95 USN 1999 |p 3542211 |r 2025-01-15 |w 2019-11-20 |y BK |k GIM | ||